00748nam a22001697a 4500003000200000005001700002008004100019050002600060100002900086245015900115260007100274300002800345500005000373504005600423650004500479650005400524020250207153316.0250207b xxu||||| |||| 00| 0 eng d aHF 5548.4b.Sa27 2023 aSarmiento, Chyna Ezra S. aInventory management information system using an intelligent model-driven decision support dashboard for a micro-business store. cChyna Ezra S. Sarmiento aLas Pinas CitybSouthville International School and Collegesc2023 axiii, 149 pages;c28cm. aBachelor of Science in Information Technology aIncludes bibliographical references and appendices. aInventory Management—Software Systems. aDecision Support Systems—Business Applications.